Statistiques concernant Coupes du Monde de Football: Brésil

Cliquez ici pour prendre le quiz!

Statistiques générales

  • Ce quiz a été pris 1 418 fois
    (1 092 depuis la dernière actualisation)
  • Le résultat moyen est 33 sur 48

Statistiques - réponses

Réponse% Correct
France
98%
RDA
97%
Allemagne
96%
Argentine
92%
Uruguay
91%
Belgique
90%
Italie
89%
Suisse
87%
Espagne
86%
Pays-Bas
86%
Angleterre
85%
Portugal
83%
Yougoslavie
83%
Mexique
82%
URSS
82%
Cameroun
81%
Croatie
81%
Chili
80%
Etats-Unis
79%
Suède
79%
Colombie
78%
Japon
78%
Serbie
77%
Maroc
76%
Russie
76%
Algérie
72%
Pologne
65%
Australie
64%
Chine
64%
Hongrie
64%
Turquie
64%
Danemark
63%
Costa Rica
62%
Norvège
60%
Tchécoslovaquie
60%
Autriche
56%
Pérou
55%
Ghana
54%
Ecosse
52%
Corée du Nord
51%
Côte d'Ivoire
50%
Roumanie
45%
Bulgarie
44%
Pays de Galles
42%
Bolivie
40%
Nouvelle-Zélande
37%
Zaïre
35%
Irlande du Nord
34%

Distribution des résultats

Percentile par nombre de réponses

% des personnes avec chaque résultat

Votre développement - résultats

Vous n’avez pas pris ce quiz depuis la dernière actualisation